00716nam a2200241 a 4500001001300000003000900013005001700022008004100039020001000080082001800090100001700108245006500125260004700190300000900237500003500246505001700281650001000298700001700308902000800325942000700333952011900340999001500459nice12345678IN_TiNIC20260116012844.0050524s1961 puna grp 000 0 urd  ac10000a294.5921bCHU aChummupati,  aSatyarth Prakash Ka Lafzi Sales Aur Ba Muhawira Urdu Tarjuma aPunjabbShri Jagdev Shastri Sudhantic1961 a566p aincludes index and biblioraphy2 aBibliography aVedas1 aChummupati,  bSRS cBK 001040708StackRoom-aHMIbHMId2007-07-25g100.00l0o294.5921 CHUp010064r2007-07-25v100.00w2005-05-24yBK c8657d8657